[Event "GER-ch Women 2020"]
[Site "Magdeburg"]
[Date "2020.08.22"]
[Round "9.5"]
[White "Rogozenco, Teodora"]
[Black "Vidonyak, Nellya"]
[Result "0-1"]
[WhiteElo "1979"]
[BlackElo "2136"]
[Annotator "TA"]
[PlyCount "62"]
[EventDate "2020.08.16"]
[EventType "swiss"]
[EventCountry "GER"]
[SourceTitle "playchess.com"]
[Source "ChessBase"]
[SourceQuality "1"]

{[%evp 16,62,27,17,25,10,4,4,13,0,47,43,52,48,63,62,86,85,56,-158,-145,-173,-181,-383,-371,-356,-364,-367,-360,-417,-378,-405,-389,-464,-449,-670,-641,-721,-714,-842,-837,-827,-828,-815,-802,-772,-767,-2187,-2154]} 1. d4 d5 2. c4 e6 3. Nc3 Nf6 4. Bg5 Be7 5. Nf3 O-O 6. e3 b6 7. cxd5 exd5 8. Bd3 Bb7 9. Qc2 h6 {D55: Queen's Gambit Declined: 4 Bg5 Be7: Lines without ...h6 and 6...h6 7 Bxf6.} 10. Bf4 c5 11. O-O Nc6 {[#] The position is equal.} 12. Bf5 $146 ({Predecessor:} 12. a3 Bd6 13. Bg3 Bxg3 14. hxg3 a6 15. Rad1 c4 16. Bf5 Ne7 17. Bh3 b5 18. Ne5 {0-1 (60) Kalajzic,I (2144)-Vajda,L (2568) Malinska 2015}) 12... Nh5 13. Be5 $1 Nxe5 14. dxe5 {Black must now prevent Rad1.} d4 15. Ne2 dxe3 16. Rad1 Qb8 {And now ...Bxf3 would win.} 17. Rd7 $2 (17. Bg4 $14 {keeps the upper hand.} g6 18. e6) 17... Bxf3 $1 $17 18. Rxe7 {[#]} Qd8 $1 {[%cal Rd8e7]} 19. gxf3 $2 (19. Rd7 Qg5 20. Ng3) 19... Qxe7 $19 20. f4 exf2+ 21. Rxf2 Rad8 {[%cal Ba8d8,Bd8d1,Bd1d2][%mdl 32]} 22. Qb3 Kh8 23. Qh3 Rd1+ 24. Kg2 Qb7+ {Black is clearly winning.} 25. Rf3 (25. Qf3 $142 Qxf3+ 26. Kxf3) 25... Rd2 26. Kf2 Qa6 27. Bd3 c4 28. Be4 c3 29. Bd3 {[#]} Rxd3 $1 {[%mdl 64] Promotion} 30. Rxd3 cxb2 31. Ra3 {[#]} Qxe2+ $1 {[%mdl 576] Remove Defender, Promotion. Accuracy: White = 50%, Black = 95%.} 0-1

[Event "GER-ch Women 2020"]
[Site "Magdeburg"]
[Date "2020.08.22"]
[Round "9.6"]
[White "Bashylina, Luisa"]
[Black "Bardorz, Jana"]
[Result "0-1"]
[WhiteElo "1975"]
[BlackElo "2000"]
[Annotator "TA"]
[PlyCount "64"]
[EventDate "2020.08.16"]
[EventType "swiss"]
[EventCountry "GER"]
[SourceTitle "playchess.com"]
[Source "ChessBase"]
[SourceQuality "1"]

{[%evp 11,64,33,36,34,47,42,45,37,31,38,30,13,11,-79,-60,-82,-12,-13,-6,-26,-6,-136,-129,-121,-58,-193,-194,-588,-580,-1208,-1136,-895,-599,-596,-537,-540,-525,-537,-535,-677,-514,-594,-597,-631,-552,-561,-500,-507,-469,-499,-490,-637,-626,-662,-646]} 1. e4 e5 2. Nf3 Nc6 3. d4 exd4 4. Nxd4 Bc5 5. Nb3 Bb4+ 6. c3 Be7 7. f4 {C45: Scotch Game.} d6 8. Bd3 Nh6 9. O-O {White is slightly better.} d5 10. e5 Bf5 {[#]} 11. Bxf5 $146 ({Predecessor:} 11. Qe2 O-O 12. N1d2 d4 13. Ne4 dxc3 14. bxc3 Qd5 15. h3 Rad8 16. Bc2 Be6 17. Ng5 {½-½ (43) Koutoukidis,P (2357)-Romanishin,O (2456) Kanoni 2019}) 11... Nxf5 12. g4 (12. Qe2 $11) 12... Nh4 $17 13. Nd4 Nxd4 (13... Qd7 $17) 14. cxd4 $11 h5 15. f5 $1 Bg5 16. f6 ({Not} 16. gxh5 $2 Bxc1 17. Qxc1 Rxh5 $19) (16. Na3 $1 $11 {keeps the balance.}) 16... gxf6 $17 {And now ...Bxc1 would win.} 17. exf6 Bxf6 (17... Bxc1 $17 18. Qxc1 hxg4 19. Qe3+ Kd7) 18. Qe2+ {[#] White does not recover from this.} (18. Nc3 $15) 18... Qe7 $1 $19 {[%cal Re7e2]} 19. Qf2 $2 {[#]} (19. Qxe7+ {is more resistant.} Kxe7 20. g5 Bxd4+ 21. Kh1) 19... Rg8 $1 {Black is clearly winning.} 20. Rd1 Rxg4+ 21. Kf1 Rg2 22. Qe3 Qxe3 23. Bxe3 Rxh2 24. Nc3 O-O-O {Threatens to win with ...Rg8.} 25. Rac1 Rxb2 26. Bf4 {intending Na4.} c6 27. a4 Ng6 28. Be3 Kd7 29. a5 Be7 30. Ne2 Bd6 31. Bg5 Re8 32. Ng1 Re4 {Accuracy: White = 50%, Black = 68%.} 0-1

[Event "GER-ch Women 2020"]
[Site "Magdeburg"]
[Date "2020.08.22"]
[Round "9.7"]
[White "Heutling, Elina"]
[Black "Kuehnel, Lena"]
[Result "1/2-1/2"]
[WhiteElo "1833"]
[BlackElo "1972"]
[Annotator "TA"]
[PlyCount "190"]
[EventDate "2020.08.16"]
[EventType "swiss"]
[EventCountry "GER"]
[SourceTitle "playchess.com"]
[Source "ChessBase"]
[SourceQuality "1"]

{[%evp 17,190,18,14,13,31,22,27,0,0,0,0,-14,0,0,8,12,10,-2,37,30,34,38,37,39,43,40,39,18,1,23,56,-24,-15,-402,-386,-404,-402,-392,-298,-289,-260,-201,-197,-197,-161,-177,-158,-137,-53,-67,-77,-194,-194,-194,-201,-209,-194,-239,-228,-229,-194,-194,-194,-194,-175,-194,-194,-201,-201,-201,-201,-201,-202,-202,-194,-412,-411,-391,-386,-348,-325,-285,-285,-448,-388,-614,-377,-584,-489,-481,-481,-5427,-285,-356,-194,-194,-194,-194,-194,-194,-194,-194,-194,-194,-194,-194,-194,-275,-194,-194,-194,-194,-194,-194,-194,-194,-194,-194,0,-194,-194,-194,-194,-194,-194,-194,-194,-194,-194,-194,-194,-194,-194,-194,-194,-183,-46,-111,-111,-111,-111,-111,-111,-111,179,179,179,153,275,261,260,179,179,179,179,179,179,179,179,0,179,179,179,179,179,179,179,179,179,179,179,179,179,179,179]} 1. e4 e5 2. Nf3 Nc6 3. Bb5 a6 4. Ba4 Nf6 5. d3 d6 6. c3 g6 7. O-O Bg7 8. Re1 O-O 9. Nbd2 b5 10. Bc2 {C77: Ruy Lopez: 3...a6 4 Ba4 Nf6, unusual lines.} Bb7 11. Nf1 Nb8 12. d4 {White has an edge.} Nbd7 13. Ng3 Re8 14. d5 Nb6 15. a4 {[#]} Nxa4 $146 ({Predecessor:} 15... c6 16. dxc6 Bxc6 17. axb5 axb5 18. Rxa8 Nxa8 19. h4 d5 20. Bg5 Nb6 21. h5 Qc7 22. hxg6 hxg6 23. Bxf6 Bxf6 24. exd5 Nxd5 {0-1 (50) Leskur,D (2304)-Batsuren,D (2451) Novi Sad 2020}) 16. Bxa4 bxa4 17. Qxa4 Nd7 18. Be3 Rf8 19. c4 f5 20. Bg5 Qe8 {next ...f4 is good for Black.} 21. exf5 gxf5 22. Nh4 f4 $1 {[%cal Rf4g3]} 23. Ngf5 Nc5 24. Qa3 (24. Qd1 $14 Bc8 25. Ne7+ (25. Nxg7 Kxg7 26. b4 Nb7 $14) 25... Kh8 26. b4) 24... Qh5 $11 25. Be7 $2 {[%mdl 8192]} (25. b4 $1 $11 {and White is okay.} Qxg5 26. bxc5 Rxf5 27. Nxf5 Qxf5 28. cxd6) 25... Rxf5 $19 26. Nxf5 Qxf5 27. f3 Qh5 28. b4 Nd7 29. Qa5 Nb6 {...Re8 is the strong threat.} 30. Bxd6 Nxc4 31. Qxc7 Nxd6 32. Qxd6 {[#]} Qg6 (32... e4 $1 $17 {[%mdl 512]} 33. fxe4 (33. Rxe4 Bxa1) 33... Bd4+ 34. Kh1 Bxa1 35. Rxa1 Re8 36. Qxf4 {[#]} Qe5 $1 {[%mdl 512]} 37. Qxe5 Rxe5) 33. Qxg6 $15 hxg6 34. d6 (34. b5 $17) 34... Rd8 $19 35. Red1 Bf8 36. d7 Kf7 37. Ra5 Ke6 ({But not} 37... Bxb4 38. Rxe5 Bc6 39. Rd4) 38. b5 axb5 39. Rxb5 {Threatens to win with Rb6+.} Bc6 {[%mdl 64] Double Attack} 40. Rb8 Be7 41. Rxd8 Bxd8 42. Rd3 Bb6+ 43. Kh1 Bxd7 44. h3 Bd4 45. Ra3 Kd5 46. Rd3 $2 (46. Kh2) 46... Kc4 47. Ra3 Bf5 48. Kh2 Kb4 49. Ra8 Kc3 50. Ra2 (50. h4 {was worth a try.}) 50... Kd3 51. Ra8 (51. h4 $142) 51... Ke3 52. Ra3+ (52. h4 $142) 52... Kf2 53. Ra2+ Kf1 54. Rd2 (54. Ra4 $142 Bd3 55. Kh1) 54... Be3 $2 (54... Bg1+ 55. Kh1 Bf2) 55. Ra2 e4 (55... Bg1+ $142 56. Kh1 Bf2) 56. fxe4 Bxe4 57. Ra1+ Ke2 58. Ra2+ Bd2 59. Kh1 {[#]} Bd5 $1 60. Rb2 Ke3 61. Rb6 Be4 62. Rb2 (62. Kg1 $142) 62... Kd3 63. Ra2 Be3 64. Kh2 Kd4 65. Ra5 Bd2 66. Rb5 Ke3 67. Rb3+ Kd4 68. Rb5 $1 Bd3 69. Rb2 Be3 70. Ra2 Ke5 71. Ra5+ Kf6 72. Kh1 Bf5 73. Kh2 Bf2 74. Ra2 Bg3+ 75. Kg1 Kg5 76. Ra8 f3 ({Black should try} 76... Be4 $19 77. Re8 Kf5 78. Rf8+ Ke5) 77. gxf3 ({White should play} 77. Ra3 $15) 77... Bxh3 $17 78. Ra6 Bf4 (78... Bd7 {keeps more tension.} 79. Kg2 Be5 80. Kf2 Kf5 81. Ke3 Bf4+) 79. Ra4 Bf5 80. Kf2 Kh5 $2 {[%mdl 8192]} (80... Be6 $17 {keeps the pressure on. Hoping for ...Kf5.} 81. Ke2 Bc7) 81. Rxf4 $18 {[%mdl 4096] Endgame KR-KB} Kg5 82. Kg3 Bc8 (82... Kf6 $16 {was necessary.} 83. Rc4 g5 84. Rc6+ Ke5 85. Rc5+ Kf6) 83. Rc4 Bf5 84. f4+ Kf6 85. Kh4 Bd3 86. Rc5 Bb1 87. Kg4 {aiming for Rc6+.} Bf5+ 88. Kh4 Bb1 $1 89. Rg5 {White is clearly better.} Bf5 90. Kg3 Ke6 91. Kf3 Kf6 92. Ke3 Bb1 93. Kd4 Bf5 94. Kd5 Bb1 95. Kd6 Bf5 {Accuracy: White = 68%, Black = 73%.} 1/2-1/2

[Event "GER-ch Women 2020"]
[Site "Magdeburg"]
[Date "2020.08.22"]
[Round "9.8"]
[White "Dietrich, Mareike"]
[Black "Brunner, Sophia"]
[Result "1/2-1/2"]
[WhiteElo "1699"]
[BlackElo "1881"]
[Annotator "NA RC"]
[PlyCount "58"]
[EventDate "2020.08.16"]
[EventType "swiss"]
[EventCountry "GER"]
[SourceTitle "playchess.com"]
[Source "ChessBase"]
[SourceQuality "1"]
[TimeControl "40/5400+30:1800+30"]

1. e4 {[%emt 0:00:00]} d5 {[%emt 0:00:00]} 2. exd5 {[%emt 0:00:00]} Qxd5 {[%emt 0:00:00]} 3. Nc3 {[%emt 0:00:00]} Qa5 {[%emt 0:00:02]} 4. d4 {[%emt 0:00:00]} Nf6 {[%emt 0:00:19]} 5. Nf3 {[%emt 0:00:00]} c6 {[%emt 0:03:33]} 6. Bc4 {[%emt 0:00:00]} Bg4 {[%emt 0:04:47]} 7. h3 {[%emt 0:00:05]} Bxf3 {[%emt 0:03:50]} 8. Qxf3 {[%emt 0:00:19]} e6 {[%emt 0:00:34]} 9. Bd2 {[%emt 0:03:01]} Qc7 {[%emt 0:01:37]} 10. O-O-O {[%emt 0:03:26]} Nbd7 {[%emt 0:01:13]} 11. Rhe1 {[%emt 0:01:54]} O-O-O {[%emt 0:00:38]} 12. g4 {[%emt 0:03:53]} Nb6 {[%emt 0:03:39]} 13. Bf4 {[%emt 0:04:18]} Bd6 {[%emt 0:01:10]} 14. Bxd6 {[%emt 0:01:02]} Rxd6 {[%emt 0:04:06]} 15. g5 {[%emt 0:03:36]} Nxc4 {[%emt 0:07:33]} 16. gxf6 {[%emt 0:00:12]} g6 {[%emt 0:00:12]} 17. Ne4 {[%emt 0:02:59]} Rd5 {[%emt 0:08:52]} 18. Rd3 {[%emt 0:02:16]} Qa5 $19 {[%emt 0:06:54]} 19. Nc3 {[%emt 0:18:22]} Rb5 {[%emt 0:24:18]} 20. Nxb5 {[%emt 0:04:56]} Qxe1+ {[%emt 0:01:09]} 21. Rd1 {[%emt 0:00:02]} Qb4 {[%emt 0:01:17]} 22. b3 {[%emt 0:05:14]} Qxb5 {[%emt 0:00:34]} 23. bxc4 {[%emt 0:00:35]} Qxc4 {[%emt 0:03:34]} 24. Qa3 {[%emt 0:00:38]} Qd5 {[%emt 0:01:54]} 25. Qxa7 {[%emt 0:01:28]} Qg5+ {[%emt 0:02:34]} 26. Kb1 {[%emt 0:02:06]} Qxf6 {[%emt 0:03:16]} 27. Qa8+ {[%emt 0:00:32]} Kc7 {[%emt 0:00:07]} 28. Qa5+ {[%emt 0:00:10]} Kb8 {[%emt 0:00:57]} 29. Rd3 {[%emt 0:04:14]} Qf5 1/2-1/2

[Event "GER-ch Women 2020"]
[Site "Magdeburg"]
[Date "2020.08.22"]
[Round "9.9"]
[White "Zimmer, Elke"]
[Black "Von Herman, Brigitte"]
[Result "0-1"]
[WhiteElo "1952"]
[BlackElo "2085"]
[Annotator "RC"]
[PlyCount "100"]
[EventDate "2020.08.16"]
[EventType "swiss"]
[EventCountry "GER"]
[SourceTitle "playchess.com"]
[Source "ChessBase"]
[SourceQuality "1"]
[TimeControl "40/5400+30:1800+30"]

1. e4 {[%emt 0:00:00]} e5 {[%emt 0:00:00]} 2. Nf3 {[%emt 0:00:00]} Nc6 {[%emt 0:00:00]} 3. Bb5 {[%emt 0:00:00]} a6 {[%emt 0:00:00]} 4. Ba4 {[%emt 0:03:18]} Nf6 {[%emt 0:00:00]} 5. O-O {[%emt 0:00:05]} Be7 {[%emt 0:00:19]} 6. Re1 {[%emt 0:00:25]} b5 {[%emt 0:00:47]} 7. Bb3 {[%emt 0:00:05]} d6 {[%emt 0:01:00]} 8. c3 {[%emt 0:00:29]} O-O {[%emt 0:00:08]} 9. a4 {[%emt 0:01:26]} Rb8 {[%emt 0:02:42]} 10. Na3 {[%emt 0:04:42]} Na5 {[%emt 0:02:54]} 11. Bc2 {[%emt 0:00:19]} c5 {[%emt 0:01:00]} 12. axb5 {[%emt 0:02:06]} axb5 {[%emt 0:00:09]} 13. b3 {[%emt 0:00:04]} Re8 {[%emt 0:15:50]} 14. Qe2 {[%emt 0:08:09]} Qb6 {[%emt 0:12:39]} 15. d3 {[%emt 0:13:01]} h6 {[%emt 0:02:17]} 16. h3 {[%emt 0:00:06]} Bf8 {[%emt 0:01:54]} 17. c4 {[%emt 0:01:59]} b4 {[%emt 0:06:14]} 18. Nb1 {[%emt 0:00:59]} Nc6 {[%emt 0:00:32]} 19. Be3 {[%emt 0:00:47]} Bd7 {[%emt 0:05:02]} 20. Nbd2 {[%emt 0:03:29]} Ra8 {[%emt 0:00:26]} 21. Nf1 {[%emt 0:00:34]} Ra3 {[%emt 0:02:39]} 22. Rab1 {[%emt 0:00:07]} Ra2 {[%emt 0:01:52]} 23. Ra1 {[%emt 0:00:59]} Ra3 {[%emt 0:00:05]} 24. Rab1 {[%emt 0:00:06]} Rea8 {[%emt 0:00:16]} 25. Rb2 {[%emt 0:00:22]} Qd8 {[%emt 0:01:47]} 26. g4 {[%emt 0:02:21]} Nh7 {[%emt 0:05:16]} 27. Ng3 {[%emt 0:02:41]} Be7 {[%emt 0:02:47]} 28. Kg2 {[%emt 0:04:36]} Ng5 {[%emt 0:01:37]} 29. Nh2 {[%emt 0:00:37]} Bf6 {[%emt 0:05:16]} 30. Nf5 {[%emt 0:07:22]} Qf8 {[%emt 0:02:06]} 31. Nf3 {[%emt 0:07:50]} Nxf3 {[%emt 0:06:07]} 32. Qxf3 {[%emt 0:00:31]} Bg5 {[%emt 0:07:09]} 33. h4 {[%emt 0:03:38]} Bxe3 {[%emt 0:01:52]} 34. fxe3 {[%emt 0:00:10]} Ra2 {[%emt 0:01:23]} 35. Reb1 {[%emt 0:00:27]} g6 {[%emt 0:01:39]} 36. Ng3 {[%emt 0:01:45]} Qe7 {[%emt 0:05:10]} 37. h5 {[%emt 0:02:38]} Qg5 {[%emt 0:01:36]} 38. Bd1 {[%emt 0:00:59]} Be6 {[%emt 0:02:05]} 39. Qe2 {[%emt 0:01:56]} Rxb2 {[%emt 0:01:48]} 40. Rxb2 Kg7 {[%emt 0:00:35]} 41. Qf3 {[%emt 0:31:49]} Ne7 {[%emt 0:30:55]} 42. Rf2 {[%emt 0:00:37]} Ng8 {[%emt 0:00:24]} 43. hxg6 {[%emt 0:09:24]} fxg6 {[%emt 0:00:31]} 44. d4 {[%emt 0:14:17]} Qe7 {[%emt 0:00:00]} 45. Nf1 {[%emt 0:00:00]} Rf8 {[%emt 0:00:00]} 46. Qg3 {[%emt 0:00:00]} Rxf2+ {[%emt 0:00:00]} 47. Kxf2 {[%emt 0:00:00]} exd4 {[%emt 0:00:00]} 48. exd4 {[%emt 0:00:00]} Qf6+ {[%emt 0:00:00]} 49. Qf3 {[%emt 0:00:00]} Qxd4+ {[%emt 0:00:00]} 50. Ne3 {[%emt 0:00:00]} Nf6 {[%emt 0:00:00]} 0-1

[Event "GER-ch Women 2020"]
[Site "Magdeburg"]
[Date "2020.08.22"]
[Round "9.10"]
[White "Stowicek, Yara Mathilda"]
[Black "Roos, Karin"]
[Result "1/2-1/2"]
[WhiteElo "1674"]
[BlackElo "1772"]
[Annotator "NA RC"]
[PlyCount "53"]
[EventDate "2020.08.16"]
[EventType "swiss"]
[EventCountry "GER"]
[SourceTitle "playchess.com"]
[Source "ChessBase"]
[SourceQuality "1"]
[TimeControl "40/5400+30:1800+30"]

1. e4 c5 {[%emt 0:00:00]} 2. c3 {[%emt 0:00:00]} d6 {[%emt 0:01:59]} 3. d4 {[%emt 0:02:27]} cxd4 {[%emt 0:00:30]} 4. cxd4 {[%emt 0:00:10]} Nf6 {[%emt 0:00:08]} 5. Nc3 {[%emt 0:00:27]} g6 {[%emt 0:02:02]} 6. Be3 {[%emt 0:00:31]} Bg7 {[%emt 0:00:16]} 7. h3 {[%emt 0:01:53]} a6 {[%emt 0:00:28]} 8. Bd3 {[%emt 0:01:52]} Nc6 {[%emt 0:00:31]} 9. f4 {[%emt 0:03:54]} e5 {[%emt 0:00:41]} 10. Nf3 {[%emt 0:02:51]} exd4 {[%emt 0:03:17]} 11. Nxd4 {[%emt 0:02:02]} O-O {[%emt 0:00:13]} 12. O-O {[%emt 0:00:43]} Nb4 {[%emt 0:15:20]} 13. Bb1 {[%emt 0:00:53]} Re8 {[%emt 0:03:48]} 14. Qf3 {[%emt 0:02:00]} Nc6 {[%emt 0:08:19]} 15. a3 {[%emt 0:02:27]} Nd7 {[%emt 0:01:15]} 16. Nde2 {[%emt 0:06:50]} Nc5 {[%emt 0:01:23]} 17. Bc2 {[%emt 0:01:38]} Be6 {[%emt 0:05:49]} 18. Rad1 {[%emt 0:01:35]} Qe7 {[%emt 0:00:04]} 19. b4 {[%emt 0:13:02]} Nd7 {[%emt 0:08:27]} 20. Rd2 {[%emt 0:04:49]} Rac8 {[%emt 0:03:00]} 21. Bd4 {[%emt 0:03:23]} Nxd4 {[%emt 0:00:18]} 22. Nxd4 {[%emt 0:00:15]} Nb6 {[%emt 0:05:41]} 23. Nce2 {[%emt 0:05:47]} Nc4 {[%emt 0:02:24]} 24. Rd3 {[%emt 0:04:20]} Nb2 {[%emt 0:01:21]} 25. Rd2 {[%emt 0:02:53]} Bc4 {[%emt 0:02:07]} 26. Rf2 {[%emt 0:02:57]} Qc7 {[%emt 0:02:45]} 27. Nc1 {[%emt 0:12:34]} 1/2-1/2

[Event "GER-ch Women 2020"]
[Site "Magdeburg"]
[Date "2020.08.22"]
[Round "9.11"]
[White "Reitz, Theresa"]
[Black "Hielscher, Ursula"]
[Result "1-0"]
[WhiteElo "1942"]
[BlackElo "1789"]
[Annotator "TA"]
[PlyCount "51"]
[EventDate "2020.08.16"]
[EventType "swiss"]
[EventCountry "GER"]
[SourceTitle "playchess.com"]
[Source "ChessBase"]
[SourceQuality "1"]

{[%evp 12,51,12,20,58,67,53,58,85,-20,19,-71,-57,-53,-7,-167,-150,-160,-137,-112,85,86,93,0,133,103,739,726,712,674,664,660,624,595,983,965,29988,29989,29992,29993,29997,-126]} 1. e4 e6 2. d4 d5 3. Nc3 {[%cal Bb1c3,Bc3b5,Bb5d6][%mdl 32]} Bb4 4. e5 c5 5. Bd2 Nc6 6. Nb5 Bxd2+ 7. Qxd2 a6 {C17: French: 3 Nc3 Bb4 4 e5 c5 sidelines.} 8. Nd6+ Kf8 9. c3 cxd4 {[#] White is slightly better.} 10. f4 $146 (10. cxd4 $16 f6 11. Nf3) ({Predecessor:} 10. cxd4 f6 11. Nf3 Nge7 12. Qc3 fxe5 13. dxe5 Ng6 14. Rc1 Kg8 15. Qc5 Qc7 16. Rc3 {1-0 (70) Paisley,M (800)-Jacquelin,X (605) IECG email 2001}) 10... Nge7 11. g4 (11. cxd4 $11 Qb6 12. Nf3) 11... h5 $17 {Hoping for ...dxc3.} 12. Nf3 {Black must now prevent Ng5.} Qb6 {...dxc3 is the strong threat.} 13. Bd3 $2 (13. g5 $11) 13... hxg4 $19 14. Ng5 dxc3 15. bxc3 g3 $2 (15... Nd8 $17 16. h3 g3) 16. O-O-O $1 $16 {[#]} g2 $1 {[#]} 17. Qxg2 ({Better is} 17. Rhg1 $1 $16) 17... Qe3+ (17... Qc5 $11 {remains equal.}) 18. Kc2 {And now Qg3 would win.} Qxf4 $2 {[%mdl 8192]} (18... Nd8 $16) 19. Rdf1 $18 Qa4+ 20. Kb2 Nxe5 {[#]} 21. Bc2 $1 {[%cal Rc2a4]} ({Not} 21. Rxf7+ Nxf7 22. Rf1 (22. Ngxf7 Qf4 $11) (22. Ndxf7 Rh5 $17) 22... Nf5 $11) 21... Qc6 22. Ngxf7 Qb6+ 23. Ka1 Kg8 24. Rhg1 {[%csl Gg1][%cal Rg2g7] White mates.} g6 25. Nxe5 Qe3 {[#]} 26. Qxg6+ $1 {[%mdl 33280] Accuracy: White = 59%, Black = 34%. . Loss on time!?} 1-0